[Event "Howard Ridout Swiss U1700"]
[Site "Toronto CAN"]
[Date "2010.09.30"]
[Round "4"]
[White "Smith, Maurice"]
[Black "Super, Russell"]
[Result "1/2-1/2"]
[WhiteElo "1564"]
[BlackElo "1468"]
[PlyCount "56"]
[EventDate "2010.09.09"]
[EventType "swiss"]
[EventRounds "6"]
[EventCountry "CAN"]

1. d4 Nf6 2. c4 g6 3. Nc3 d5 4. Nf3 Bg7 5. e3 O-O 6. Bd3 Nc6 7. a3 Re8 8. O-O
e5 9. dxe5 Nxe5 10. Nxe5 Rxe5 11. Qc2 c6 12. Rb1 Re7 13. b4 Be6 14. c5 b6 15.
Ne2 b5 16. Nd4 Qc7 17. Be2 Rae8 18. Bb2 Nd7 19. Nxe6 Rxe6 20. Bg4 R6e7 21. Bxd7
Qxd7 22. Rbd1 Re4 23. Bxg7 Kxg7 24. Qc3+ Kg8 25. Rd4 Qc7 26. Rfd1 Qe5 27. Qd2
Rxd4 28. Qxd4 Qxd4 1/2-1/2

[Event "Howard Ridout Swiss U1700"]
[Site "Toronto CAN"]
[Date "2010.09.30"]
[Round "4"]
[White "Thanabalachandran, Luxiga"]
[Black "Aghamalian, Derick"]
[Result "0-1"]
[WhiteElo "564"]
[BlackElo "1467"]
[PlyCount "108"]
[EventDate "2010.09.09"]
[EventType "swiss"]
[EventRounds "6"]
[EventCountry "CAN"]

1. e4 e5 2. Nf3 Nc6 3. Nc3 Nf6 4. Bc4 Nxe4 5. Nxe4 d5 6. Bd3 dxe4 7. Bxe4 Bd6
8. d4 exd4 9. Bxc6+ bxc6 10. Qxd4 Qe7+ 11. Qe3 O-O 12. Qxe7 Bxe7 13. O-O Ba6
14. Re1 Bd6 15. Ne5 Rfe8 16. Bf4 c5 17. Bg3 h5 18. Nf3 Rab8 19. Rxe8+ Rxe8 20.
Bxd6 cxd6 21. Re1 Rxe1+ 22. Nxe1 d5 23. Nd3 Bxd3 24. cxd3 Kf8 25. Kf1 Ke7 26.
Ke2 Ke6 27. Ke3 g5 28. d4 c4 29. Kd2 Kf5 30. b3 cxb3 31. axb3 Ke4 32. Kc3 a5
33. g3 f5 34. h4 gxh4 35. gxh4 Kf3 36. Kb2 Kxf2 37. Ka3 Ke3 38. Ka4 f4 39. Kxa5
f3 40. b4 f2 41. b5 f1=Q 42. b6 Qf4 43. Ka6 Qb8 44. b7 Kxd4 45. Kb6 Kc4 46. Kc6
d4 47. Kd7 Qxb7+ 48. Ke6 Qd5+ 49. Kf6 d3 50. Kg7 d2 51. Kh6 d1=R 52. Kh7 Qe6
53. Kg7 Rd7+ 54. Kf8 Qf7# 0-1

[Event "Howard Ridout Swiss U1700"]
[Site "Toronto CAN"]
[Date "2010.09.30"]
[Round "4"]
[White "Zhang, John"]
[Black "Thanabalachandran, Kajan"]
[Result "1-0"]
[WhiteElo "1435"]
[BlackElo "1586"]
[PlyCount "121"]
[EventDate "2010.09.09"]
[EventType "swiss"]
[EventRounds "6"]
[EventCountry "CAN"]

1. e4 c5 2. Na3 Nc6 3. Bb5 a6 4. Bxc6 bxc6 5. c3 e6 6. f4 d5 7. e5 Nh6 8. Nf3
Be7 9. Nc2 O-O 10. O-O c4 11. d4 cxd3 12. Qxd3 a5 13. Qd1 f6 14. Be3 Ng4 15.
Nfd4 Bd7 16. Qxg4 Qc8 17. f5 exf5 18. Nxf5 Bxf5 19. Qxf5 Qb7 20. Qe6+ Kh8 21.
Rab1 Rae8 22. exf6 Bxf6 23. Qh3 Qe7 24. Bd4 Qe4 25. Rbc1 Bg5 26. Rxf8+ Rxf8 27.
Be3 Bf6 28. Bc5 Re8 29. Re1 Qg6 30. Rxe8+ Qxe8 31. Qe3 Qc8 32. Be7 Bxe7 33.
Qxe7 h6 34. Nd4 Qg4 35. Qf8+ Kh7 36. Qf5+ Qxf5 37. Nxf5 c5 38. Kf2 g6 39. Nd6
a4 40. c4 Kg7 41. cxd5 Kf6 42. Nb7 c4 43. d6 Ke6 44. Ke3 Kd7 45. Nc5+ Kxd6 46.
Nxa4 Kc6 47. Kd4 Kb5 48. Nc3+ Kb4 49. a3+ Kb3 50. Nd1 g5 51. Ne3 Kxb2 52. a4 c3
53. a5 c2 54. Nxc2 Kxc2 55. a6 Kd2 56. a7 Ke2 57. a8=Q Kf2 58. Qf3+ Kg1 59. Ke3
h5 60. Ke2 g4 61. Qf1+ 1-0

[Event "Howard Ridout Swiss U1700"]
[Site "Toronto CAN"]
[Date "2010.10.14"]
[Round "5"]
[White "Aghamalian, Derick"]
[Black "Azizi, Hamid"]
[Result "1-0"]
[WhiteElo "1467"]
[BlackElo "1545"]
[PlyCount "63"]
[EventDate "2010.09.09"]
[EventType "swiss"]
[EventRounds "6"]
[EventCountry "CAN"]

1. e4 c6 2. d4 d5 3. e5 Bf5 4. f4 e6 5. Nc3 Nd7 6. Nf3 c5 7. Be3 cxd4 8. Nxd4
Bb4 9. Nxf5 Bxc3+ 10. bxc3 exf5 11. Qxd5 Qc7 12. Qc4 Qd8 13. Qb3 b6 14. Ba6 Ne7
15. O-O O-O 16. Rad1 Qc7 17. e6 Nc5 18. exf7+ Rxf7 19. Bxc5 Qxc5+ 20. Kh1 Kf8
21. Bb7 Rb8 22. Rd7 g6 23. Bd5 Rf6 24. c4 b5 25. Re1 Qf2 26. Rdxe7 Qxf4 27.
cxb5 a6 28. a4 axb5 29. axb5 Rbb6 30. c4 Qf2 31. Qe3 Qh4 32. Re8+ 1-0

[Event "Howard Ridout Swiss U1700"]
[Site "Toronto CAN"]
[Date "2010.10.14"]
[Round "5"]
[White "Moraitis, Isaac"]
[Black "Graham, John"]
[Result "0-1"]
[WhiteElo "1241"]
[BlackElo "1486"]
[PlyCount "102"]
[EventDate "2010.09.09"]
[EventType "swiss"]
[EventRounds "6"]
[EventCountry "CAN"]

1. d4 e6 2. e4 d5 3. Bd3 g6 4. e5 Bg7 5. Nf3 c5 6. c3 cxd4 7. cxd4 Nc6 8. Nc3
Nge7 9. Ng5 Nxd4 10. f4 Bd7 11. Nf3 Nef5 12. g3 Bc6 13. Nxd4 Nxd4 14. Be3 Nf5
15. Bc5 d4 16. Ne4 Bxe4 17. Bxe4 Qa5+ 18. b4 Qc7 19. Rc1 Rc8 20. Bxf5 gxf5 21.
O-O b6 22. Bd6 Qxc1 23. Qxc1 Rxc1 24. Rxc1 a5 25. bxa5 bxa5 26. Rc7 Rf8 27.
Rc8+ Kd7 28. Rxf8 Bxf8 29. Bxf8 Kc6 30. Kf2 Kd5 31. a4 Kc4 32. Ke2 Kc3 33. Be7
Kc2 34. Bd8 d3+ 35. Ke3 d2 36. Bxa5 d1=Q 37. Bb6 Qd2+ 38. Kf3 Qd3+ 39. Kg2 Qe4+
40. Kh3 Qxa4 41. Bf2 Qb3 42. Kg2 Qd5+ 43. Kh3 Qf3 44. Bd4 Qf1+ 45. Kh4 Qg2 46.
h3 h5 47. Bc5 Kd3 48. Be7 Ke4 49. Bg5 Kf3 50. Kxh5 Qxh3+ 51. Bh4 Qg4+ 0-1

[Event "Howard Ridout Swiss U1700"]
[Site "Toronto CAN"]
[Date "2010.10.14"]
[Round "5"]
[White "Pishdad, Hassan"]
[Black "Thanabalachandran, Luxiga"]
[Result "1-0"]
[WhiteElo "1322"]
[BlackElo "564"]
[PlyCount "59"]
[EventDate "2010.09.09"]
[EventType "swiss"]
[EventRounds "6"]
[EventCountry "CAN"]

1. d4 Nf6 2. c4 d5 3. cxd5 Nxd5 4. g3 Nc6 5. Bg2 Nf6 6. Nf3 Bf5 7. Nc3 e6 8.
O-O Bb4 9. a3 Bxc3 10. bxc3 Qd6 11. a4 Rd8 12. Ba3 Qd7 13. Qb3 Be4 14. Rad1
Bxf3 15. Bxf3 b6 16. Qb5 Ne7 17. Qxd7+ Rxd7 18. e4 Rd8 19. e5 Nd7 20. Bxe7 Kxe7
21. Bc6 Rhe8 22. d5 exd5 23. Rxd5 Rf8 24. Rfd1 f6 25. Rxd7+ Rxd7 26. Rxd7+ Ke8
27. Rxg7+ Kd8 28. e6 h5 29. e7+ Kc8 30. exf8=Q# 1-0

[Event "Howard Ridout Swiss U1700"]
[Site "Toronto CAN"]
[Date "2010.10.14"]
[Round "5"]
[White "Super, Russell"]
[Black "Philip, Andrew"]
[Result "0-1"]
[WhiteElo "1468"]
[BlackElo "1588"]
[PlyCount "62"]
[EventDate "2010.09.09"]
[EventType "swiss"]
[EventRounds "6"]
[EventCountry "CAN"]

1. e4 d5 2. exd5 Qxd5 3. Nc3 Qd6 4. d4 Nf6 5. Nf3 c6 6. Be2 Bg4 7. O-O e6 8. h3
Bh5 9. Be3 Nbd7 10. Nh4 Bxe2 11. Qxe2 Be7 12. f4 Nd5 13. Ne4 Qc7 14. c4 Nxe3
15. Qxe3 Bxh4 16. Rad1 O-O 17. d5 cxd5 18. cxd5 exd5 19. Rxd5 Nb6 20. Rh5 Be7
21. f5 Nd5 22. Qf3 Qb6+ 23. Kh1 Nf6 24. Nxf6+ Bxf6 25. g4 g6 26. fxg6 fxg6 27.
Rh6 Bg7 28. Qd5+ Kh8 29. Rxf8+ Rxf8 30. Rh4 Rf1+ 31. Kg2 Qf2# 0-1

[Event "Howard Ridout Swiss U1700"]
[Site "Toronto CAN"]
[Date "2010.10.14"]
[Round "5"]
[White "Thanabalachandran, Kajan"]
[Black "Vyravanathan, Sobiga"]
[Result "1-0"]
[WhiteElo "1586"]
[BlackElo "1247"]
[PlyCount "126"]
[EventDate "2010.09.09"]
[EventType "swiss"]
[EventRounds "6"]
[EventCountry "CAN"]

1. e4 c5 2. Nf3 Nc6 3. d4 cxd4 4. Nxd4 Nf6 5. Nc3 d6 6. Bg5 e6 7. Qd2 h6 8. Bh4
Be7 9. O-O-O Bd7 10. f3 a5 11. Ndb5 Qb8 12. Nxd6+ Bxd6 13. Qxd6 Qxd6 14. Rxd6
Ke7 15. Rd1 g5 16. Bf2 Ne5 17. Bd4 Ng6 18. Bxf6+ Kxf6 19. Rxd7 b6 20. Bc4 Ne5
21. Rc7 a4 22. Be2 a3 23. b3 Ng6 24. g3 Rhb8 25. Nb5 Ra5 26. Ra7 Rxa7 27. Nxa7
Ne5 28. Nb5 Nc6 29. Nxa3 Ra8 30. Kb2 Nd4 31. Bd3 Rb8 32. c3 Nc6 33. Re1 Ne5 34.
Be2 Kg7 35. Nc4 Ng6 36. Rd1 b5 37. Nd6 b4 38. c4 Kf8 39. Nb5 Ne5 40. f4 gxf4
41. gxf4 Ng6 42. Rf1 Rd8 43. Rd1 Rb8 44. f5 Nf4 45. Bg4 h5 46. Bf3 h4 47. Nc7
Ke7 48. Bg4 Rb7 49. Nb5 h3 50. Nd4 e5 51. Nc6+ Kf6 52. Bf3 Rc7 53. Nxb4 Rb7 54.
Nd5+ Kg5 55. Rg1+ Kh6 56. Nxf4 exf4 57. e5 Rd7 58. Rd1 Re7 59. Rd6+ Kg5 60. f6
Rxe5 61. Rd5 Kxf6 62. Rxe5 Kxe5 63. Kc3 Kd6 1-0

[Event "Howard Ridout Swiss U1700"]
[Site "Toronto CAN"]
[Date "2010.10.14"]
[Round "5"]
[White "Zhao, Yue Tong (Davy)"]
[Black "Smith, Maurice"]
[Result "0-1"]
[WhiteElo "1424"]
[BlackElo "1564"]
[PlyCount "82"]
[EventDate "2010.09.09"]
[EventType "swiss"]
[EventRounds "6"]
[EventCountry "CAN"]

1. e4 c5 2. Nf3 d6 3. d4 cxd4 4. Nxd4 Nf6 5. Nc3 g6 6. Be3 Bg7 7. f3 Bd7 8. Qd2
Nc6 9. O-O-O Rc8 10. Be2 Ne5 11. g4 Nc4 12. Bxc4 Rxc4 13. h4 h5 14. g5 Ng8 15.
f4 Bg4 16. Rdf1 Qa5 17. f5 gxf5 18. exf5 Be5 19. Nb3 Qd8 20. Qd3 Qc8 21. Na5
Rc7 22. Nd5 Rd7 23. Bxa7 Qa8 24. Bb6 Qc8 25. Qb5 Kf8 26. Ne3 f6 27. Nxg4 hxg4
28. Rfg1 fxg5 29. Rxg4 Bf4+ 30. Kb1 Nf6 31. Rgg1 gxh4 32. Bf2 Rc7 33. c3 h3 34.
Bb6 Rd7 35. Rg6 Be5 36. Qb3 d5 37. Re1 h2 38. Rh1 Ne4 39. c4 Nd2+ 40. Kc2 Nxb3
41. Kxb3 dxc4+ 0-1

[Event "Howard Ridout Swiss U1700"]
[Site "Toronto CAN"]
[Date "2010.10.21"]
[Round "6"]
[White "Azizi, Hamid"]
[Black "Dattani, Dinesh"]
[Result "0-1"]
[WhiteElo "1545"]
[BlackElo "1440"]
[PlyCount "106"]
[EventDate "2010.09.09"]
[EventType "swiss"]
[EventRounds "6"]
[EventCountry "CAN"]

1. e4 e5 2. Nf3 d6 3. Bc4 Nf6 4. Ng5 Be6 5. Nxe6 fxe6 6. Bxe6 Nxe4 7. Qf3 Ng5
8. Qxb7 Nd7 9. Bxd7+ Kxd7 10. Nc3 Qb8 11. Qa6 Qb6 12. Qa4+ Qc6 13. d3 Qxa4 14.
Nxa4 Be7 15. Be3 Rab8 16. Bxa7 Ra8 17. Nb6+ cxb6 18. Bxb6 Rab8 19. f4 exf4 20.
Bd4 Ne6 21. Bc3 Rhf8 22. O-O-O g5 23. Rde1 Bf6 24. Bxf6 Rxf6 25. Re2 Nd4 26.
Re4 Nf5 27. Rhe1 Ne3 28. Re2 Re8 29. Ra4 Rc8 30. c4 h6 31. b3 g4 32. Ra5 f3 33.
gxf3 gxf3 34. Rf2 Ng4 35. Rd2 f2 36. Rxf2 Rxf2 37. h3 Ne3 38. a4 d5 39. Rb5
dxc4 40. bxc4 Nxc4 41. dxc4 Rxc4+ 42. Kb1 Re4 43. Rd5+ Kc6 44. Rd1 Rh4 45. a5
Ra4 46. Re1 Rd4 47. a6 Ra4 48. Re6+ Kb5 49. Rxh6 Re4 50. Rh5+ Kxa6 51. Rc5 Re1+
52. Rc1 Rxc1+ 53. Kxc1 Rh2 0-1

[Event "Howard Ridout Swiss U1700"]
[Site "Toronto CAN"]
[Date "2010.10.21"]
[Round "6"]
[White "Cui, Gordon"]
[Black "Lin, Benjamin"]
[Result "1-0"]
[WhiteElo "1363"]
[BlackElo "1076"]
[PlyCount "79"]
[EventDate "2010.09.09"]
[EventType "swiss"]
[EventRounds "6"]
[EventCountry "CAN"]

1. e4 c5 2. Nf3 Nc6 3. d4 cxd4 4. Nxd4 Nf6 5. Nc3 e5 6. Nf5 Bb4 7. Nd6+ Bxd6 8.
Qxd6 Nd4 9. Qxe5+ Qe7 10. Qxd4 O-O 11. Bf4 h6 12. Bd6 Qd8 13. Bxf8 Kxf8 14. Bc4
Qb6 15. Qxb6 axb6 16. Nd5 Nxd5 17. Bxd5 Rb8 18. O-O d6 19. Rfe1 Bg4 20. f3 Be6
21. Bxe6 fxe6 22. Rad1 Rd8 23. e5 d5 24. c4 d4 25. Re4 d3 26. Re3 d2 27. Re2
Rd4 28. b3 Ke7 29. Rexd2 Rxd2 30. Rxd2 g6 31. g3 h5 32. f4 g5 33. Rf2 Kd7 34.
f5 Ke7 35. f6+ Kf7 36. Rd2 Ke8 37. Rd6 Kf7 38. Rd7+ Ke8 39. f7+ Kxd7 40. f8=Q
1-0

[Event "Howard Ridout Swiss U1700"]
[Site "Toronto CAN"]
[Date "2010.10.21"]
[Round "6"]
[White "Graham, John"]
[Black "Termeer, Ted"]
[Result "1-0"]
[WhiteElo "1486"]
[BlackElo "1438"]
[PlyCount "63"]
[EventDate "2010.09.09"]
[EventType "swiss"]
[EventRounds "6"]
[EventCountry "CAN"]

1. e4 e5 2. Nf3 d6 3. Bc4 h6 4. Nc3 Nf6 5. d4 exd4 6. Nxd4 Be7 7. O-O O-O 8. f3
a6 9. Be3 Bd7 10. Qd2 Nh7 11. Rad1 Bg5 12. f4 Be7 13. Nf5 Bxf5 14. exf5 Nf6 15.
Qe2 b5 16. Bb3 Qc8 17. Nd5 Nxd5 18. Bxd5 c6 19. Be4 d5 20. Bd3 b4 21. b3 Re8
22. Qf2 Nd7 23. g4 Qb7 24. g5 hxg5 25. fxg5 Bd8 26. f6 Rxe3 27. Qh4 Nf8 28.
fxg7 Kxg7 29. Qh6+ Kg8 30. g6 Nxg6 31. Bxg6 fxg6 32. Rf8# 1-0

[Event "Howard Ridout Swiss U1700"]
[Site "Toronto CAN"]
[Date "2010.10.21"]
[Round "6"]
[White "Moraitis, Isaac"]
[Black "Moffat, Anthony"]
[Result "1-0"]
[WhiteElo "1241"]
[BlackElo "1409"]
[PlyCount "37"]
[EventDate "2010.09.09"]
[EventType "swiss"]
[EventRounds "6"]
[EventCountry "CAN"]

1. d4 e6 2. e4 Nc6 3. Nf3 Nf6 4. e5 Nd5 5. c3 d6 6. Bb5 Bd7 7. Bxc6 Bxc6 8. O-O
Qd7 9. Qb3 a6 10. c4 Ne7 11. Rd1 Ba4 12. Qxb7 Rc8 13. b3 Qc6 14. Qb4 Bb5 15.
cxb5 axb5 16. Nc3 dxe5 17. Nxe5 Qb6 18. Qxb5+ c6 19. Qxb6 1-0

[Event "Howard Ridout Swiss U1700"]
[Site "Toronto CAN"]
[Date "2010.10.21"]
[Round "6"]
[White "Philip, Andrew"]
[Black "Karpik, Steve"]
[Result "1/2-1/2"]
[WhiteElo "1588"]
[BlackElo "1581"]
[PlyCount "104"]
[EventDate "2010.09.09"]
[EventType "swiss"]
[EventRounds "6"]
[EventCountry "CAN"]

1. d4 Nf6 2. Bg5 g6 3. c4 d6 4. Nc3 Bg7 5. e4 Nc6 6. Nf3 O-O 7. h3 e5 8. Be3
exd4 9. Nxd4 Nxd4 10. Bxd4 Be6 11. Be2 a6 12. O-O Nd7 13. Bxg7 Kxg7 14. Qd4+
Qf6 15. Qe3 Ne5 16. b3 Nc6 17. Rad1 Rad8 18. Rd2 Rfe8 19. Rfd1 Qh4 20. Nd5 Bxd5
21. cxd5 Ne5 22. f4 Nd7 23. Rd4 f6 24. Bf1 f5 25. e5 Nc5 26. Bd3 Nxd3 27. R1xd3
Re7 28. Qf3 Qe1+ 29. Kh2 dxe5 30. Re3 Qh4 31. g3 Qf6 32. Qe2 e4 33. Qc4 c6 34.
Qc5 cxd5 35. Qc3 Red7 36. Re2 Rd6 37. Red2 Rc6 38. Qa5 e3 39. R2d3 Rc2+ 40. Kg1
Rc1+ 41. Kg2 e2 42. Kf2 e1=Q+ 43. Qxe1 Rxe1 44. Kxe1 Qc6 45. Ke2 Rc8 46. Rxd5
Qc2+ 47. Ke3 Qh2 48. a4 Qxg3+ 49. Ke2 Qg2+ 50. Ke1 Rc1+ 51. Rd1 Qe4+ 52. Kf2
Rc3 1/2-1/2

[Event "Howard Ridout Swiss U1700"]
[Site "Toronto CAN"]
[Date "2010.10.21"]
[Round "6"]
[White "Popov, Pavel"]
[Black "Veecock, Carl"]
[Result "1/2-1/2"]
[WhiteElo "1172"]
[BlackElo "1462"]
[PlyCount "59"]
[EventDate "2010.09.09"]
[EventType "swiss"]
[EventRounds "6"]
[EventCountry "CAN"]

1. e4 c6 2. Nf3 e6 3. Nc3 d5 4. d3 Bb4 5. Bd2 Ne7 6. g3 O-O 7. Bg2 Bxc3 8. Bxc3
dxe4 9. dxe4 Qxd1+ 10. Rxd1 Nd7 11. Ne5 Nxe5 12. Bxe5 Re8 13. f4 f6 14. Bc3 e5
15. f5 b6 16. Bf1 b5 17. b3 a5 18. b4 a4 19. a3 Ra7 20. Bb2 Rd7 21. Rxd7 Bxd7
22. c4 Nc8 23. c5 Ne7 24. g4 Kf7 25. Kf2 g6 26. Kf3 gxf5 27. gxf5 Kg8 28. Kg4
Rf8 29. Kf3 Be8 30. Rg1+ 1/2-1/2

[Event "Howard Ridout Swiss U1700"]
[Site "Toronto CAN"]
[Date "2010.10.21"]
[Round "6"]
[White "Smith, Maurice"]
[Black "Aghamalian, Derick"]
[Result "1/2-1/2"]
[WhiteElo "1564"]
[BlackElo "1467"]
[PlyCount "75"]
[EventDate "2010.09.09"]
[EventType "swiss"]
[EventRounds "6"]
[EventCountry "CAN"]

1. d4 d5 2. c4 e6 3. Nc3 Nf6 4. Bg5 Nbd7 5. Nf3 c6 6. e3 Be7 7. Bd3 O-O 8. O-O
b6 9. cxd5 cxd5 10. Rc1 Bb7 11. Qe2 Rc8 12. h3 Nh5 13. Bxe7 Qxe7 14. Nb5 a6 15.
Nc3 a5 16. a3 Nhf6 17. Rc2 Rfd8 18. Rfc1 h6 19. Nb5 Ne8 20. Rxc8 Rxc8 21. Rxc8
Bxc8 22. Qc2 Bb7 23. Nc7 Nd6 24. Nb5 Nf6 25. Nxd6 Qxd6 26. Ne5 Nd7 27. Bh7+ Kf8
28. Nxd7+ Qxd7 29. Bd3 Qc6 30. Qxc6 Bxc6 31. Kf1 Ke7 32. Ke2 Bd7 33. Kd2 Kd6
34. Kc3 Kc7 35. b4 axb4+ 36. Kxb4 Kd6 37. f3 Bc6 38. Bb5 1/2-1/2

[Event "Howard Ridout Swiss U1700"]
[Site "Toronto CAN"]
[Date "2010.10.21"]
[Round "6"]
[White "Super, Russell"]
[Black "Zhang, John"]
[Result "0-1"]
[WhiteElo "1468"]
[BlackElo "1435"]
[PlyCount "82"]
[EventDate "2010.09.09"]
[EventType "swiss"]
[EventRounds "6"]
[EventCountry "CAN"]

1. e4 e5 2. Nf3 Nc6 3. Bb5 a6 4. Ba4 Nf6 5. O-O Be7 6. Re1 b5 7. Bb3 d6 8. h3
Na5 9. c3 Nxb3 10. Qxb3 Be6 11. Qc2 O-O 12. d4 exd4 13. cxd4 c5 14. d5 Bd7 15.
Nc3 Qb6 16. b3 Rfc8 17. Bb2 c4 18. Rac1 b4 19. Ne2 c3 20. Ba1 a5 21. Ned4 a4
22. bxa4 Bxa4 23. Qb1 g6 24. Bxc3 Rc4 25. Qb2 Rac8 26. Nc6 Bxc6 27. Bxf6 Bxf6
28. Qxf6 Bxd5 29. Rxc4 Bxc4 30. Rc1 Qa6 31. Nd2 Be6 32. Rxc8+ Qxc8 33. Qb2 Qc3
34. Qb1 Qxd2 35. Qa1 Qxa2 36. Qf6 Qb1+ 37. Kh2 Qxe4 38. Qd8+ Kg7 39. Qxd6 b3
40. Qd2 Qe5+ 41. Kg1 Qa1+ 0-1

[Event "Howard Ridout Swiss U1700"]
[Site "Toronto CAN"]
[Date "2010.10.21"]
[Round "6"]
[White "Thanabalachandran, Luxiga"]
[Black "Roy, Harrison"]
[Result "0-1"]
[WhiteElo "564"]
[BlackElo "909"]
[PlyCount "62"]
[EventDate "2010.09.09"]
[EventType "swiss"]
[EventRounds "6"]
[EventCountry "CAN"]

1. e4 e5 2. Nf3 Nf6 3. Nc3 Bb4 4. a3 Bxc3 5. dxc3 Nxe4 6. Nxe5 Qe7 7. Nf3 Nxc3+
8. Qe2 Nxe2 9. Bxe2 Nc6 10. Bd2 O-O 11. Be3 a6 12. Rd1 d6 13. Bd2 Bg4 14. Bc3
Bxf3 15. gxf3 Rae8 16. Rd2 Ne5 17. f4 Nf3+ 18. Kd1 Nxd2 19. Kxd2 Qxe2+ 20. Kc1
Qxf2 21. Kd1 Qf3+ 22. Kc1 Qxh1+ 23. Kd2 Qxh2+ 24. Kd3 Qxf4 25. Bd2 Qf5+ 26. Kc3
Re2 27. Bc1 Qxc2+ 28. Kb4 Qxc1 29. Kb3 Qxb2+ 30. Ka4 Re4+ 31. Ka5 Qb6# 0-1

[Event "Howard Ridout Swiss U2000"]
[Site "Toronto CAN"]
[Date "2010.09.09"]
[Round "1"]
[White "Corvo, Paul"]
[Black "Bellomo, Joe"]
[Result "1-0"]
[WhiteElo "1861"]
[BlackElo "1696"]
[PlyCount "101"]
[EventDate "2010.09.09"]
[EventType "swiss"]
[EventRounds "6"]
[EventCountry "CAN"]

1. e4 c5 2. Nf3 d6 3. d4 cxd4 4. Nxd4 Nf6 5. Nc3 a6 6. Bg5 e6 7. f4 Be7 8. Qf3
h6 9. Bh4 Qc7 10. O-O-O b5 11. Bd3 Bb7 12. g4 Nbd7 13. f5 e5 14. Nde2 Rc8 15.
Rd2 Nc5 16. Bxf6 Bxf6 17. h4 b4 18. Nd5 Bxd5 19. exd5 Qa5 20. Bc4 b3 21. Bxb3
e4 22. Qe3 Kf8 23. Nd4 Nd3+ 24. Rxd3 exd3 25. Qxd3 Bxd4 26. Qxd4 Qc5 27. Qxc5
Rxc5 28. Re1 Rc7 29. Kd2 Re7 30. Re3 Rxe3 31. Kxe3 Ke7 32. Ba4 Kf6 33. c4 Ke5
34. b4 Rb8 35. a3 g6 36. fxg6 fxg6 37. Bd7 g5 38. hxg5 hxg5 39. Kd3 Rf8 40. Bf5
Rh8 41. Kc3 Rh3+ 42. Bd3 Rg3 43. a4 Rxg4 44. a5 Kf6 45. c5 dxc5 46. bxc5 Ke5
47. Bc4 Rf4 48. d6 Rf8 49. Bxa6 Ra8 50. d7 Rb8 51. Bc8 1-0

[Event "Howard Ridout Swiss U2000"]
[Site "Toronto CAN"]
[Date "2010.09.09"]
[Round "1"]
[White "Gaffney, Kevin"]
[Black "Su, Stanley"]
[Result "1-0"]
[WhiteElo "1608"]
[BlackElo "1774"]
[PlyCount "33"]
[EventDate "2010.09.09"]
[EventType "swiss"]
[EventRounds "6"]
[EventCountry "CAN"]

1. e4 e5 2. Nf3 Nc6 3. Nc3 Nf6 4. d4 exd4 5. Nxd4 Bb4 6. Nxc6 bxc6 7. Bd3 d5 8.
exd5 cxd5 9. O-O O-O 10. Bg5 c6 11. Qf3 Be7 12. Rae1 h6 13. Bxh6 gxh6 14. Qe3
d4 15. Qxh6 Re8 16. Re5 Ng4 17. Qh7+ 1-0

[Event "Howard Ridout Swiss U2000"]
[Site "Toronto CAN"]
[Date "2010.09.09"]
[Round "1"]
[White "Gillis, Doug"]
[Black "Yusuf, Magas"]
[Result "0-1"]
[WhiteElo "1675"]
[BlackElo "1858"]
[PlyCount "96"]
[EventDate "2010.09.09"]
[EventType "swiss"]
[EventRounds "6"]
[EventCountry "CAN"]

1. d4 d5 2. Nc3 Nf6 3. Bg5 Bf5 4. Bxf6 exf6 5. e3 Bd6 6. Bd3 Bxd3 7. Qxd3 c6 8.
Nf3 O-O 9. O-O-O Qa5 10. Kb1 b5 11. e4 Nd7 12. exd5 Nb6 13. dxc6 Nc4 14. b3 Bb4
15. Nd5 Ba3 16. Rhe1 Rfd8 17. Ne7+ Kh8 18. Nf5 Nb2 19. Qd2 Bb4 20. Qe2 Qa3 21.
c7 Rf8 22. Ne3 Nxd1 23. Nxd1 Bxe1 24. Qxe1 Qd6 25. Qc3 Rac8 26. Nh4 Rxc7 27.
Nf5 Qxh2 28. Qg3 Qxg3 29. Nxg3 Re8 30. Ne3 Rd8 31. Ne2 g6 32. Kb2 Kg7 33. c3 f5
34. g3 Kf6 35. Nf4 Rcd7 36. Kc2 g5 37. Nd3 h5 38. Nc5 Rc7 39. Nd3 a5 40. Kb2
Re7 41. Kc2 h4 42. gxh4 gxh4 43. Nf4 Re4 44. Ned5+ Kg5 45. Kd3 Rxd5 46. Nxd5 h3
47. f3 h2 48. fxe4 fxe4+ 0-1

[Event "Howard Ridout Swiss U2000"]
[Site "Toronto CAN"]
[Date "2010.09.09"]
[Round "1"]
[White "Jizan, Masoud"]
[Black "Radpey, Abdolreza"]
[Result "1-0"]
[WhiteElo "1819"]
[BlackElo "1641"]
[PlyCount "89"]
[EventDate "2010.09.09"]
[EventType "swiss"]
[EventRounds "6"]
[EventCountry "CAN"]

1. c4 Nf6 2. Nc3 g6 3. d4 Bg7 4. e4 d6 5. f4 e6 6. Nf3 O-O 7. Bd3 b6 8. Be3 Bb7
9. Qc2 Nbd7 10. Rc1 c5 11. O-O Ng4 12. Bd2 cxd4 13. Nb5 Nc5 14. h3 Ne3 15. Bxe3
dxe3 16. Rce1 a6 17. Nc3 Nxd3 18. Qxd3 Qc7 19. Qxe3 Rad8 20. Rd1 Qxc4 21. Qxb6
Bxe4 22. Rxd6 Rxd6 23. Qxd6 Bxf3 24. Rxf3 Bxc3 25. Rxc3 Qxa2 26. Qb6 Qa4 27.
Qe3 Rd8 28. b3 Qd7 29. Kh2 Qd6 30. Qf3 a5 31. Qe3 h5 32. Rc5 Qa6 33. Qc3 Ra8
34. Qg3 Kh7 35. Rc7 Rf8 36. Qe3 Qd6 37. Rc5 Ra8 38. Rb5 a4 39. Qe4 Ra7 40. bxa4
f5 41. Qc4 h4 42. a5 Qa3 43. Qxe6 Qg3+ 44. Kg1 Qe1+ 45. Qxe1 1-0

[Event "Howard Ridout Swiss U2000"]
[Site "Toronto CAN"]
[Date "2010.09.09"]
[Round "1"]
[White "Kurkowski, Ken"]
[Black "Armstrong, Robert J"]
[Result "0-1"]
[WhiteElo "1638"]
[BlackElo "1793"]
[PlyCount "112"]
[EventDate "2010.09.09"]
[EventType "swiss"]
[EventRounds "6"]
[EventCountry "CAN"]

1. e4 g6 2. d4 Bg7 3. Nc3 d6 4. Nf3 Nf6 5. Be2 O-O 6. O-O Nc6 7. h3 e5 8. Be3
h6 9. Re1 exd4 10. Nxd4 Ne5 11. Nf3 Re8 12. Qd2 Kh7 13. Rad1 Nxf3+ 14. Bxf3 Nd7
15. Bd4 Ne5 16. Be2 f5 17. f4 Nf7 18. Bxg7 Kxg7 19. Bd3 fxe4 20. Bxe4 c6 21.
Qd3 Qf6 22. Qg3 d5 23. Bd3 Bf5 24. Bxf5 Qxf5 25. Qf2 b6 26. Qd4+ Kh7 27. Qd2
Rad8 28. Rxe8 Rxe8 29. Kf2 Nd6 30. b3 Ne4+ 31. Nxe4 Rxe4 32. Kg3 Qe6 33. Kf3 d4
34. c3 Qd5 35. Kf2 c5 36. Re1 Rxe1 37. Qxe1 Qd6 38. Qe4 Kg7 39. Qb7+ Kf6 40.
cxd4 cxd4 41. Qe4 Qc5 42. Ke2 Qc3 43. Qe5+ Kf7 44. Qd5+ Ke7 45. Qe5+ Kd8 46.
Qd5+ Kc7 47. Qc4+ Kd6 48. Qxc3 dxc3 49. Kd3 Kd5 50. g4 c2 51. Kxc2 Ke4 52. g5
h5 53. Kc3 Kxf4 54. h4 Kg4 55. Kc4 Kxh4 56. Kb5 Kxg5 0-1

[Event "Howard Ridout Swiss U2000"]
[Site "Toronto CAN"]
[Date "2010.09.09"]
[Round "1"]
[White "Manalo, Pepin"]
[Black "Moran-Venegas, Mario"]
[Result "1/2-1/2"]
[WhiteElo "1872"]
[BlackElo "1731"]
[PlyCount "107"]
[EventDate "2010.09.09"]
[EventType "swiss"]
[EventRounds "6"]
[EventCountry "CAN"]

1. e4 e5 2. Nc3 Nf6 3. Be2 Nc6 4. d3 Bb4 5. a3 Ba5 6. b4 Bb6 7. Na4 O-O 8. Nxb6
axb6 9. c3 h6 10. Nf3 d6 11. O-O Ne7 12. Qc2 c5 13. Bb2 Ng6 14. d4 Qc7 15. dxe5
dxe5 16. Rfd1 Bd7 17. b5 Rad8 18. c4 Bc8 19. h4 Bg4 20. a4 Bxf3 21. Bxf3 Nxh4
22. Be2 Ng6 23. g3 Rd7 24. Rxd7 Qxd7 25. Kg2 Rd8 26. Rd1 Qc7 27. Rxd8+ Qxd8 28.
Bf3 Qd6 29. Qe2 Nd7 30. Bg4 Ngf8 31. Bf5 Ne6 32. Bxe6 Qxe6 33. Qd3 f6 34. f3
Kf7 35. g4 Ke7 36. Bc3 Qd6 37. Qe2 Nf8 38. Kg3 Ne6 39. Kh4 Nd4 40. Qf1 Nb3 41.
Qe2 Na5 42. Kg3 Qe6 43. Bxa5 bxa5 44. Qd3 b6 45. Kf2 Qd6 46. Qc2 Qd4+ 47. Kg3
Ke6 48. Kg2 g6 49. Kg3 h5 50. gxh5 gxh5 51. Kh4 Qe3 52. Qd1 Qf4+ 53. Kh3 Kf7
54. Qd7+ 1/2-1/2